Biodivesity and biosystematic priorities : mictoorganisms and invertebrates : priorities for biosystematic research in support of biodiversity in developing countries: microorganisms and invertabrates
Αποθηκεύτηκε σε:
| Κύριος συγγραφέας: | |
|---|---|
| Άλλοι συγγραφείς: | |
| Μορφή: | Βιβλίο |
| Γλώσσα: | English |
| Δημοσίευση: |
Oxon, UK :
Cab International,
1993
|
| Θέματα: | |
| Ετικέτες: |
Προσθήκη ετικέτας
Δεν υπάρχουν, Καταχωρήστε ετικέτα πρώτοι!
|
MARC
| LEADER | 00000nam a2200000 i 4500 | ||
|---|---|---|---|
| 001 | 1/23798 | ||
| 008 | 981126s1993 eng d | ||
| 020 | |a 0-85198-887-3 | ||
| 035 | |l 10036943 | ||
| 040 | |a GR-MY-UA |b gre |e aacr | ||
| 041 | 0 | |a eng | |
| 082 | 0 | |a 333.95 | |
| 100 | 1 | |a Hawksworth, D. L. | |
| 245 | 1 | 0 | |a Biodivesity and biosystematic priorities : |b mictoorganisms and invertebrates : priorities for biosystematic research in support of biodiversity in developing countries: microorganisms and invertabrates / |c D. L. Hawksworth and J. M. Ritchie |
| 260 | |a Oxon, UK : |b Cab International, |c 1993 | ||
| 300 | |a 120 p. |b fig. | ||
| 504 | |a Includes bibliographical references | ||
| 650 | 0 | 0 | |a Microorganisms. |
| 650 | 0 | 0 | |a Biological diversity. |
| 700 | 1 | |a Ritchie, J. Mark. | |
| 852 | |a INST |b LESVOS |e 19981126 |h 333.95 HAW |p 005100017655 |q 005100017655 |t BK |y 0 | ||
| 901 | |a BIBL1-1999-1 | ||
| 909 | |a Λ |b 060169 | ||
| 922 | |a 1ΕΛΗ |b 199810 |c ΚΠΣ/ΤΠ |d ΠΑΠΑΣΩΤΗΡΙΟΥ | ||
| 950 | |a 107-1998-07-09 | ||
| 970 | |z 2000/06/ΟΙΚΟΝΟΜΟΠΟΥΛΟΥ ΧΡΙΣΤΙΝΑ | ||